<?xml version="1.0" encoding="UTF-8"?>
<collection xmlns="http://www.loc.gov/MARC21/slim">
 <record>
  <leader>00775nas a22002291  4500</leader>
  <controlfield tag="001">1/50768</controlfield>
  <controlfield tag="008">011214c19699999enkmrzp           a0eng d</controlfield>
  <datafield tag="022" ind1=" " ind2=" ">
   <subfield code="a">0003-6846</subfield>
  </datafield>
  <datafield tag="035" ind1=" " ind2=" ">
   <subfield code="l">2930</subfield>
  </datafield>
  <datafield tag="090" ind1=" " ind2=" ">
   <subfield code="a">Αλφαβητική σειρά</subfield>
  </datafield>
  <datafield tag="245" ind1="0" ind2="0">
   <subfield code="a">Applied economics.</subfield>
  </datafield>
  <datafield tag="260" ind1=" " ind2=" ">
   <subfield code="a">[London, etc.] :</subfield>
   <subfield code="b">Chapman and Hall [etc.],</subfield>
   <subfield code="c">1969-</subfield>
  </datafield>
  <datafield tag="300" ind1=" " ind2=" ">
   <subfield code="a">v. :</subfield>
   <subfield code="b">ill. ;</subfield>
   <subfield code="c">25 cm.</subfield>
  </datafield>
  <datafield tag="310" ind1=" " ind2=" ">
   <subfield code="a">Monthly.</subfield>
  </datafield>
  <datafield tag="362" ind1="0" ind2=" ">
   <subfield code="a">Vol.21, no.1(Jan. 1989)-v.31, no.12(Dec. 1999).</subfield>
  </datafield>
  <datafield tag="535" ind1="0" ind2=" ">
   <subfield code="a">Κλειστό Βιβλιοστάσιο.</subfield>
  </datafield>
  <datafield tag="546" ind1=" " ind2=" ">
   <subfield code="a">English.</subfield>
  </datafield>
  <datafield tag="650" ind1=" " ind2="4">
   <subfield code="a">Economics</subfield>
   <subfield code="v">Periodicals.</subfield>
  </datafield>
  <datafield tag="856" ind1="4" ind2="1">
   <subfield code="u">http://www.tandfonline.com/loi/raec20</subfield>
  </datafield>
  <datafield tag="950" ind1=" " ind2=" ">
   <subfield code="c">ΑΡΧΕΙΟ ΠΕΡΙΟΔΙΚΩΝ</subfield>
   <subfield code="d">201</subfield>
  </datafield>
  <datafield tag="951" ind1=" " ind2=" ">
   <subfield code="a">Vol.21, no.1(Jan. 1989)-v.31, no.12(Dec. 1999)</subfield>
   <subfield code="b">Main run</subfield>
  </datafield>
  <datafield tag="952" ind1=" " ind2=" ">
   <subfield code="a">23(1-4)1991, 29(2-12)1998</subfield>
  </datafield>
 </record>
</collection>
